000
00340nam a2200133Ia 4500
008
250506s9999 xx 000 0 und d
024
_a
11B-23-BS
082
_a
005.1072 SYE
100
_a
Syed Munib Ali
245
0
_a
E-Banking
260
_a
Karachi:
_b
UIT,
_c
2011
600
_a
Computer Science
650
_a
Bachelor of Computer Science (BS)
999
_c
28401
_d
28401